La jerusalem libertada : tomo 1 /

Guardado en:
Autor Principal: Tasso, Torcuato
Formato: Libro
Publicado: Madrid : Hernando, 1892
Materias:
Etiquetas: Agregar Etiqueta
Sin Etiquetas, Sea el primero en etiquetar este registro!
LEADER 00547nam a22002055a 4500
001 CEM.cems006208
005 20060214000000.0
008 130507s1892##################000#0#####d
003 CEMS
082 0 4 |a 851.4 
100 1 |a Tasso, Torcuato 
245 1 0 |a La jerusalem libertada :  |b tomo 1 / 
260 |a Madrid :  |b Hernando,  |c 1892 
300 |a 269 p. 
653 |a Literatura 
653 |a Literatura italiana 
653 |a Poemas epicos 
653 |a Poesia italiana 
653 |a Poesias 
859 |a CEMS  |b BIB. CEMS - 11 de abril  |h 851.4  |i T185/I  |p 5690.76  |t Ej.1